Zajištění v nezaměstnanosti ve světě a u nás.
Porovnanie systému čs. zabezpečenia proti nezamestnanosti s niektorými západoeurópskymi systémami. V západoeurópskych krajinách toto zabezpečenie spočíva takmer výhradne na základe povinného alebo dobrovoľného poistenia, je čerpané z týchto prostriedkov a len v malej časti zo štátneho rozpočtu. Pois...
Salvato in:
| Autore principale: | |
|---|---|
| Natura: | Capitolo di libro |
| Lingua: | ceco |
| Soggetti: | |
| Tags: |
Nessun Tag, puoi essere il primo ad aggiungerne!!
|
MARC
| LEADER | 00000naa a2200000 4500 | ||
|---|---|---|---|
| 001 | r007577 | ||
| 005 | 20220831090314.3 | ||
| 041 | 0 | |a cze | |
| 044 | |a [CS] | ||
| 245 | 1 | 0 | |a Zajištění v nezaměstnanosti ve světě a u nás. |c H. Kociánová |
| 520 | |a Porovnanie systému čs. zabezpečenia proti nezamestnanosti s niektorými západoeurópskymi systémami. V západoeurópskych krajinách toto zabezpečenie spočíva takmer výhradne na základe povinného alebo dobrovoľného poistenia, je čerpané z týchto prostriedkov a len v malej časti zo štátneho rozpočtu. Poistenie v nezamestnanosti, nároky na dávky v nezamestnanosti a pomoc v nezamestnanosti, ktorá nastupuje po skončení nároku na dávky z poistenia v nezamestnanosti. | ||
| 610 | 2 | 0 | |a nezamestnanosť |
| 610 | 2 | 0 | |a ČSFR |
| 610 | 2 | 0 | |a západná Európa |
| 610 | 2 | 0 | |a poistenie sociálne |
| 610 | 2 | 0 | |a podpory v nezamestnanosti |
| 100 | 1 | |a Kociánová, H. | |